000 01444nam a22002297a 4500
001 6183
003 FISKH
005 20250324164831.0
008 250324b cb ||||| |||| 00| 0 eng d
020 _a9780198390244
040 _aFISKH
_beng
_cFISKH
_dFISKH
050 _aPZ7
082 _a530
100 _aReynolds, Helen
245 _aComplete Physics for Cambridge Secondary 1 :
_bCambridge Checkpoint and beyond /
_cBy Helen Reynolds
250 _aFirst published 2013
260 _aOxford :
_bOxford University Press ;
_c2013.
300 _a255 pages :
_bcolor illustrations ;
_c28 cm .
520 _aThis brand new course builds in crucial challenge material right from the start, enabling students to confidently leap into Cambridge IGCSERG Science study with a solid foundation in Physics. It is the best preparation for our bestselling Complete Science for Cambridge IGCSE course,facilitating seamless progression from Cambridge Secondary 1 Stage 9 right into Complete Physics for Cambridge IGCSE. Complete Physics for Cambridge Secondary 1 covers all three years of Cambridge Secondary 1 Physics in the same book, flowing smoothly from one stage to the next. Regular revision andextension exercises will help consolidate learning and then stretch and challenge students to reach the next level. It is endorsed by Cambridge International Examinations, so you know everything is covered.
942 _2ddc
_cBK
_n0
999 _c6183
_d6183